| 000 | 00554nam a22001937a 4500 | ||
|---|---|---|---|
| 003 | OSt | ||
| 005 | 20170118144217.0 | ||
| 008 | 170118b xxu||||| |||| 00| 0 eng d | ||
| 020 | _a9780340938799 | ||
| 040 | _cDMLN | ||
| 082 | _aWS100 H192r 2009 | ||
| 100 |
_aEdited by Ruth, Nia Henderson; Sanjiv, Nicchani; Mike, Silverman _911414 |
||
| 245 | _aHandbook Practical Paediatrics Procedures | ||
| 260 | _aUK; Arnold, 2009 | ||
| 300 | _ax,147p; ill: 26cm | ||
| 504 | _aReferences, & index included | ||
| 650 |
_aPaediatrics _93350 |
||
| 942 |
_2z _cO_SHELF |
||
| 999 |
_c5463 _d5463 |
||